Dharma : (Record no. 1848262)

MARC details
000 -LEADER
fixed length control field 00719cam a2200241 a 4500
003 - CONTROL NUMBER IDENTIFIER
control field OSt
005 - DATE AND TIME OF LATEST TRANSACTION
control field 20260413165647.0
008 - FIXED-LENGTH DATA ELEMENTS--GENERAL INFORMATION
fixed length control field 101124s2009 ii b 000 0 eng
020 ## - INTERNATIONAL STANDARD BOOK NUMBER
International Standard Book Number 9788120833388
040 ## - CATALOGING SOURCE
Transcribing agency HDL
041 ## - LANGUAGE CODE
Language code of original English
082 ## - DEWEY DECIMAL CLASSIFICATION NUMBER
Classification number 294.592 P9
245 00 - TITLE STATEMENT
Title Dharma :
Remainder of title studies in its semantic, cultural, and religious history /
Statement of responsibility, etc. edited by Patrick Olivelle.
250 ## - EDITION STATEMENT
Edition statement 1st. enl. rev. ed.
260 ## - PUBLICATION, DISTRIBUTION, ETC.
Place of publication, distribution, etc. Delhi :
Name of publisher, distributor, etc. Motilal Banarsidass Publishers,
Date of publication, distribution, etc. 2009.
300 ## - PHYSICAL DESCRIPTION
Extent viii, 492 p.
490 0# - SERIES STATEMENT
Series statement Sources of ancient Indian law
650 #0 - SUBJECT ADDED ENTRY--TOPICAL TERM
Topical term or geographic name entry element Dharma.
9 (RLIN) 854728
650 #0 - SUBJECT ADDED ENTRY--TOPICAL TERM
Topical term or geographic name entry element Religion and law
Geographic subdivision India.
9 (RLIN) 1234778
700 1# - ADDED ENTRY--PERSONAL NAME
Personal name Olivelle, Patrick.
942 ## - ADDED ENTRY ELEMENTS (KOHA)
Source of classification or shelving scheme Colon Classification (CC)
Koha item type Textual
Suppress in OPAC No
Holdings
Withdrawn status Lost status Source of classification or shelving scheme Damaged status Not for loan Home library Current library Date acquired Total Checkouts Date last seen Price effective from Koha item type
    Colon Classification (CC)     Department of History Library Department of History Library 2026-04-13   2026-04-13 2026-04-13 Textual
Copyright @ Delhi University Library System